000 00862am a2200301a 44500
003 AR-BaBNM
005 20251128211049.0
008 212020s2000 #AR|||||||||||000 | esp||
020 _a950-753-069-X
040 _cAR-BaBNM
100 1 _aCano, María Fernanda
245 1 0 _aConfiguraciones
_bun estudio sobre las figuras retóricas
250 _a1ª ed.
260 _aBuenos Aires
_bCántaro Editores
_c2000
300 _a141 p.
_btablas
490 0 _aEl caldero. Actualización docente
500 _aContiene índice de figuras
504 _aContiene referencias bibliográficas en p. 138-139
650 4 _aLINGUISTICA
650 4 _aRETORICA
650 4 _aGRAMATICA
650 4 _aSEMANTICA
653 _aENSEÑANZA DE LA LENGUA
653 _aANALISIS DEL DISCURSO
800 1 _aAlvarado, Maite
_edirector
942 _cBK
998 _craquel
999 _c18067
_d18067